| 000 | 01044cam a2200277 a 4500 | ||
|---|---|---|---|
| 003 | CHAP | ||
| 005 | 20220329142133.0 | ||
| 008 | 991011d1996 mx r 00110 spa d | ||
| 010 | _a79017 | ||
| 011 | _a79989 | ||
| 035 | _a90426 | ||
| 040 | _cCHAP | ||
| 082 | 0 | 4 |
_a370.196 _bU5 |
| 110 | 2 |
_aUniversidad Nacional Autónoma de México. Dirección General de Intercambio Académico _9116512 |
|
| 245 | 1 | 0 |
_aColaboración académica : _binforme 1996 _c/por Universidad Nacional Autónoma de México. Dirección General de Intercambio Académico |
| 260 |
_aMéxico, D.F. : _bUniversidad Nacional Autónoma de México. Dirección General de Intercambio Académico, _c199 - |
||
| 300 |
_av. : _bcuadros |
||
| 500 | _aLa biblioteca tiene : 1996 | ||
| 590 |
_aBATCH-UPD _b10 _c20130110 _lUCH01 _h2010 |
||
| 590 |
_aCONVERSION _b10 _c20130109 _lUCH01 _h1344 |
||
| 650 | 1 | 4 |
_aIntercambio educativo. _959522 |
| 901 | _aBK | ||
| 905 | _aAlejandra Carrasco M. | ||
| 942 | _cLIBRO | ||
| 949 |
_a370.196 U5 _bBC _cLIBRO _d33724000742730 _eLIBRO _h95312 _i90426 _sb |
||
| 999 |
_c79017 _d79017 |
||